[Event "DVM U20w 2012"]
[Site "Osnabrück GER"]
[Date "2012.12.27"]
[Round "1"]
[White "Kaden, Romy"]
[Black "Endress, Anna"]
[Result "0-1"]
[Termination "normal"]
[Board "1.1"]
[WhiteElo "1628"]
[BlackElo "2120"]
[WhiteTeam "Chemnitzer SC Aufbau"]
[BlackTeam "TSV Schott Mainz"]
[WhiteFideId "12931616"]
[BlackFideId "24629472"]
[EventCountry "GER"]
[EventRounds "7"]
[EventType "team-swiss"]
[EventDate "2012.12.26"]

1. e4 c5 2. c3 Qa5 3. Nf3 Nc6 4. Be2 d6 5. O-O Nf6 6. Qc2 Bd7 7. a3 g6 8. d4
cxd4 9. cxd4 Rc8 10. Nc3 Bg7 11. Rd1 O-O 12. b4 Qc7 13. Bb2 a6 14. Rac1 b5 15.
Qb3 Qb7 16. h3 Nh5 17. d5 Nd8 18. Na2 Nf4 19. Bf1 e6 20. Bxg7 Kxg7 21. Rxc8
Bxc8 22. Nc3 exd5 23. exd5 Re8 24. Nd4 Qe7 25. Qb2 Qe5 26. Kh1 f6 27. Nde2 Nf7
28. Nxf4 Qxf4 29. Ne2 Qxf2 30. Qc2 Bf5 31. Qd2 Ng5 32. Nd4 Qxd2 33. Rxd2 Ne4
34. Nxf5+ gxf5 35. Rc2 Ng3+ 36. Kg1 f4 37. Bd3 Re3 38. Rd2 f5 39. Kf2 Kf6 40.
Rd1 h5 41. Rd2 Nh1+ 42. Kf1 Ke5 43. Re2 Ng3+ 0-1

[Event "DVM U20w 2012"]
[Site "Osnabrück GER"]
[Date "2012.12.27"]
[Round "1"]
[White "Frey, Alisa"]
[Black "Nitzsche, Pia"]
[Result "1-0"]
[Termination "normal"]
[Board "1.2"]
[WhiteTitle "FM"]
[WhiteElo "2039"]
[BlackElo "1543"]
[WhiteTeam "TSV Schott Mainz"]
[BlackTeam "Chemnitzer SC Aufbau"]
[WhiteFideId "24634662"]
[BlackFideId "12900370"]
[EventCountry "GER"]
[EventRounds "7"]
[EventType "team-swiss"]
[EventDate "2012.12.26"]

1. e4 c5 2. Nf3 d6 3. d4 cxd4 4. Nxd4 Nf6 5. Nc3 g6 6. Be3 Bg7 7. f3 O-O 8. Qd2
Nc6 9. O-O-O d5 10. Qe1 Nxd4 11. Bxd4 Bh6+ 12. Kb1 Be6 13. g4 Ne8 14. h4 Nc7
15. exd5 Nxd5 16. g5 Bg7 17. Bxg7 Kxg7 18. Nxd5 Bxd5 19. Qe5+ Kg8 20. Rxd5 Qb6
21. h5 Rac8 22. hxg6 fxg6 23. Rxh7 Kxh7 24. Qxe7+ Kg8 25. Rd7 Rc7 26. Qg7# 1-0

[Event "DVM U20w 2012"]
[Site "Osnabrück GER"]
[Date "2012.12.27"]
[Round "1"]
[White "Voss, Chantal"]
[Black "Hartewig, Anja"]
[Result "1-0"]
[Termination "normal"]
[Board "1.4"]
[WhiteElo "1899"]
[BlackElo "1823"]
[WhiteTeam "TSV Schott Mainz"]
[BlackTeam "Chemnitzer SC Aufbau"]
[WhiteFideId "4664906"]
[BlackFideId "12917966"]
[EventCountry "GER"]
[EventRounds "7"]
[EventType "team-swiss"]
[EventDate "2012.12.26"]

1. d4 d5 2. c4 c6 3. Nf3 Nf6 4. g3 Bf5 5. Bg2 e6 6. O-O Nbd7 7. b3 Be7 8. Bb2
O-O 9. Nbd2 h6 10. Ne1 Bb4 11. a3 Bxd2 12. Qxd2 Ne4 13. Qd1 Qg5 14. Bc1 Qd8 15.
f3 Nef6 16. Bb2 Qb6 17. c5 Qc7 18. Nd3 Rfe8 19. Qd2 Bg6 20. Rae1 Bxd3 21. exd3
b6 22. b4 bxc5 23. bxc5 Rab8 24. Bc3 Rb5 25. a4 Rb7 26. f4 Qb8 27. Qc2 Qc7 28.
Bf3 Nh7 29. f5 e5 30. Bg2 Nhf6 31. Re2 exd4 32. Rxe8+ Nxe8 33. Bxd4 Qa5 34. Rc1
Nef6 35. Bf3 Qa6 36. Re1 Rb4 37. Qc3 Rxa4 38. Rb1 Ra3 39. Rb3 Rxb3 40. Qxb3 Qa5
41. Qc2 Qb4 42. Qf2 a5 43. Kg2 a4 44. g4 a3 45. Bd1 Qb1 46. Ba4 Qxd3 47. Bxc6
Qa6 48. Bxd7 Nxd7 49. Qa2 Nf6 50. h3 Kf8 51. c6 Qxc6 52. Qxa3+ Ke8 53. Kf3 h5
54. g5 Ne4 55. h4 g6 56. f6 Nd2+ 57. Kf2 Nc4 58. Qe7# 1-0

[Event "DVM U20w 2012"]
[Site "Osnabrück GER"]
[Date "2012.12.27"]
[Round "1"]
[White "Wisheckel, Lena"]
[Black "Evers, Annika"]
[Result "1-0"]
[Termination "normal"]
[Board "2.1"]
[WhiteElo "1791"]
[BlackElo "1794"]
[WhiteTeam "SpVgg Stetten"]
[BlackTeam "SC Leipzig-Lindenau"]
[WhiteFideId "24691992"]
[BlackFideId "24691933"]
[EventCountry "GER"]
[EventRounds "7"]
[EventType "team-swiss"]
[EventDate "2012.12.26"]

1. d4 d5 2. Nc3 Nf6 3. e4 dxe4 4. Bg5 Bf5 5. Nge2 Nbd7 6. Ng3 Bg6 7. Qe2 c6 8.
Ngxe4 Nxe4 9. Nxe4 Qa5+ 10. Bd2 Qd5 11. f3 Qxd4 12. Bc3 Qb6 13. Nd6+ Kd8 14.
Nc4 Qc7 15. O-O-O e6 16. Ne5 Bd6 17. Nxd7 Qxd7 18. Be5 1-0

[Event "DVM U20w 2012"]
[Site "Osnabrück GER"]
[Date "2012.12.27"]
[Round "1"]
[White "Bosse, Lea"]
[Black "Spangenberg, Pia"]
[Result "1/2-1/2"]
[Termination "normal"]
[Board "2.3"]
[WhiteElo "1612"]
[BlackElo "1849"]
[WhiteTeam "SpVgg Stetten"]
[BlackTeam "SC Leipzig-Lindenau"]
[WhiteFideId "12900419"]
[BlackFideId "4627989"]
[EventCountry "GER"]
[EventRounds "7"]
[EventType "team-swiss"]
[EventDate "2012.12.26"]

1. e4 d5 2. exd5 Nf6 3. d4 Nxd5 4. c4 Nb6 5. Nc3 Bf5 6. Nf3 e6 7. Qb3 Qc8 8.
Bf4 a6 9. Rd1 Nc6 10. c5 Nd7 11. Na4 Be7 12. Bd3 Bxd3 13. Rxd3 O-O 14. O-O Nf6
15. Nc3 Rd8 16. Rfd1 Nd5 17. Nxd5 Rxd5 18. Ne1 Na5 19. Qc3 b6 20. cxb6 cxb6 21.
Rc1 Qd7 22. Qc7 Bd8 23. Qxd7 Rxd7 24. b4 Nb7 25. Rc6 Kf8 26. Nc2 a5 27. bxa5
bxa5 28. Rb3 Ke7 29. Rbc3 Nd6 30. Bxd6+ Rxd6 31. Kf1 Rb8 32. Rxd6 Kxd6 33. Rb3
Rc8 34. Rb2 Bf6 35. Ke2 e5 36. dxe5+ Bxe5 37. Rb6+ Kc7 38. Rb5 Re8 39. Kf3 Bxh2
40. Rxa5 Be5 41. Ra7+ Kd6 42. Rxf7 Ra8 43. a3 Ke6 44. Rb7 Rc8 45. Rb6+ Kf7 46.
Ne3 Rc3 47. Ke4 Bf6 48. a4 Ra3 49. Ra6 Ra2 50. Ng4 h5 51. Nxf6 gxf6 52. Kf3
Ra3+ 53. Kf4 Ra2 54. Kg3 h4+ 55. Kxh4 Rxf2 56. Kg3 Ra2 57. a5 Ra4 58. Ra8 Kg6
59. a6 Kh7 60. a7 Kg7 61. Kf3 Kh7 62. Ke3 Kg7 63. Kd3 Kh7 64. Kc3 Kg7 65. Kb3
Ra1 66. Kb4 Rb1+ 67. Kc5 Ra1 68. Kb6 1/2-1/2

[Event "DVM U20w 2012"]
[Site "Osnabrück GER"]
[Date "2012.12.27"]
[Round "1"]
[White "Knöchel, Sarah"]
[Black "Schneider, Jana"]
[Result "1/2-1/2"]
[Termination "normal"]
[Board "2.4"]
[WhiteElo "1249"]
[BlackElo "1652"]
[WhiteTeam "SC Leipzig-Lindenau"]
[BlackTeam "SpVgg Stetten"]
[BlackFideId "12924997"]
[EventCountry "GER"]
[EventRounds "7"]
[EventType "team-swiss"]
[EventDate "2012.12.26"]

1. e4 c5 2. Nf3 d6 3. Bc4 a6 4. O-O e6 5. c3 b5 6. Bb3 Nf6 7. Re1 Bb7 8. d3 Be7
9. Bg5 Nbd7 10. Nbd2 O-O 11. d4 d5 12. e5 Ne8 13. Bxe7 Qxe7 14. Nf1 Nc7 15. Ng3
Rfc8 16. Bc2 c4 17. Qd2 a5 18. Qf4 Nf8 19. Nh5 b4 20. Qg4 Ng6 21. h4 Nb5 22.
Nxg7 Kxg7 23. h5 bxc3 24. hxg6 hxg6 25. Re3 cxb2 26. Rb1 c3 27. Nh4 g5 28. f4
Rg8 29. fxg5 Na3 30. g6 Kf8 31. Rf3 Rg7 32. Qh5 Qc7 33. Qh8+ Rg8 34. Qh6+ Ke7
35. Rxf7+ Kd8 36. Rxc7 Kxc7 37. Qh7+ Kb6 38. g7 Nxb1 39. Bxb1 Ba6 40. Ng6 Bc4
41. Ne7 Rxg7 42. Qxg7 Bxa2 43. Qg6 Bxb1 44. Qxe6+ Ka7 45. Qxd5 Bd3 46. Qxa5+
Kb7 47. Qb4+ Ka6 1/2-1/2

[Event "DVM U20w 2012"]
[Site "Osnabrück GER"]
[Date "2012.12.27"]
[Round "1"]
[White "Dannert, Katrin"]
[Black "Schulz, Anja"]
[Result "0-1"]
[Termination "normal"]
[Board "3.1"]
[WhiteElo "1460"]
[BlackElo "2076"]
[WhiteTeam "SV Lingen"]
[BlackTeam "SC Ladja Roßdorf"]
[BlackFideId "24647845"]
[EventCountry "GER"]
[EventRounds "7"]
[EventType "team-swiss"]
[EventDate "2012.12.26"]

1. e4 c5 2. b3 Nc6 3. Bb2 e6 4. Bb5 Nf6 5. d3 Qa5+ 6. Nc3 Nd4 7. a4 a6 8. Bc4
d5 9. Bb5+ Nc6 10. Bxc6+ bxc6 11. Qd2 Be7 12. Nf3 O-O 13. O-O Rb8 14. Ne5 Qc7
15. f4 Rd8 16. Qe2 Ne8 17. Qg4 Bf6 18. Qg3 Be7 19. Rae1 f6 20. Ng4 c4 21. dxc4
dxc4 22. Ne2 a5 23. Rd1 Ba6 24. Nd4 Qb6 25. Kh1 c5 26. Ba3 cxb3 27. Rfe1 bxc2
28. Nxc2 Kh8 29. f5 e5 30. Nce3 Rxd1 31. Rxd1 Qb3 32. Bc1 Qxa4 33. Qe1 c4 34.
Rd7 Qxd7 35. Qxa5 Rb1 0-1

[Event "DVM U20w 2012"]
[Site "Osnabrück GER"]
[Date "2012.12.27"]
[Round "1"]
[White "Tran, My Linh"]
[Black "Edel, Fenja"]
[Result "1-0"]
[Termination "normal"]
[Board "3.2"]
[WhiteElo "2031"]
[BlackElo "1635"]
[WhiteTeam "SC Ladja Roßdorf"]
[BlackTeam "SV Lingen"]
[WhiteFideId "24682462"]
[BlackFideId "24696749"]
[EventCountry "GER"]
[EventRounds "7"]
[EventType "team-swiss"]
[EventDate "2012.12.26"]

1. e4 e6 2. d4 d5 3. Nc3 Nf6 4. exd5 exd5 5. Bd3 Bd6 6. Bg5 c6 7. Nge2 O-O 8.
Qd2 Re8 9. O-O-O Nbd7 10. Ng3 a5 11. Nf5 Be7 12. Nxe7+ Qxe7 13. Rde1 Qd8 14.
Rxe8+ Qxe8 15. Re1 Qd8 16. f3 b5 17. Qe3 a4 18. Qe7 Qxe7 19. Rxe7 b4 20. Nd1
Ba6 21. Bf5 Bc8 22. Bxd7 Nxd7 23. Re8+ Nf8 24. Be7 Bb7 25. Rxa8 Bxa8 26. Bxb4
Nd7 27. Nc3 Nb6 28. Bc5 Nc4 29. Nxa4 Ne3 30. g4 1-0

[Event "DVM U20w 2012"]
[Site "Osnabrück GER"]
[Date "2012.12.27"]
[Round "1"]
[White "Schlichter, Lisa"]
[Black "Schmalhorst, Sophia"]
[Result "0-1"]
[Termination "normal"]
[Board "3.3"]
[WhiteElo "1518"]
[BlackElo "1914"]
[WhiteTeam "SV Lingen"]
[BlackTeam "SC Ladja Roßdorf"]
[WhiteFideId "12926396"]
[BlackFideId "24682497"]
[EventCountry "GER"]
[EventRounds "7"]
[EventType "team-swiss"]
[EventDate "2012.12.26"]

1. e4 e5 2. Nf3 Nc6 3. Nc3 Nf6 4. d4 exd4 5. Nxd4 Bb4 6. Nxc6 bxc6 7. Bd3 d5 8.
exd5 cxd5 9. O-O O-O 10. Bg5 c6 11. Qf3 Be6 12. Bxf6 Qxf6 13. Qxf6 gxf6 14. Ne2
Rab8 15. b3 a5 16. c3 Ba3 17. Nf4 Bd7 18. Rab1 Bd6 19. Ne2 c5 20. c4 d4 21. Ng3
Rfe8 22. Ne4 Be7 23. Rfe1 Be6 24. Ng3 Rb6 25. Re4 a4 26. Rh4 f5 27. Rh5 axb3
28. axb3 Reb8 29. Nxf5 Bxf5 30. Bxf5 Rxb3 31. Rc1 d3 32. g3 Rb1 33. Rf1 Rxf1+
34. Kxf1 Rb1+ 35. Kg2 d2 36. Bxh7+ Kg7 37. Bc2 d1=Q 38. Bxd1 Rxd1 39. Re5 Bd6
40. Re4 Kf6 41. h4 Be5 42. h5 Kf5 43. Rh4 Rd4 44. Rxd4 Bxd4 45. Kf3 Kg5 46. g4
f5 47. gxf5 Kxf5 48. h6 Kg6 49. Kg3 Kxh6 50. f4 Kg6 51. Kg4 Kf6 52. f5 Be5 53.
Kf3 Kxf5 0-1

[Event "DVM U20w 2012"]
[Site "Osnabrück GER"]
[Date "2012.12.27"]
[Round "1"]
[White "Görisch, Annika"]
[Black "Möller, Hannah"]
[Result "0-1"]
[Termination "normal"]
[Board "3.4"]
[WhiteElo "825"]
[BlackElo "1339"]
[WhiteTeam "SC Ladja Roßdorf"]
[BlackTeam "SV Lingen"]
[BlackFideId "1270514"]
[EventCountry "GER"]
[EventRounds "7"]
[EventType "team-swiss"]
[EventDate "2012.12.26"]

1. e4 d5 2. Nc3 dxe4 3. Nxe4 g6 4. Nf3 Bg7 5. c3 Nh6 6. h3 O-O 7. d4 Nf5 8. Bc4
Nd7 9. O-O e5 10. b3 exd4 11. cxd4 Nb6 12. Bb2 Re8 13. Nfg5 Re7 14. Ba3 Rd7 15.
Qe2 Nxd4 16. Qd3 h6 17. Bxf7+ Rxf7 18. Nxf7 Kxf7 19. Rad1 Bf5 20. g4 Bxe4 21.
Qxe4 Qd5 22. Rfe1 Nf3+ 23. Kg2 Nxe1+ 24. Rxe1 Qxe4+ 25. Rxe4 Re8 26. Rf4+ Kg8
27. Kf3 Nd5 28. Ra4 a6 29. Ra5 Nc3 30. Rc5 c6 31. Rc4 Nxa2 32. Rc2 Nc3 33. Bb2
Rf8+ 34. Kg2 Nd5 35. Bxg7 Kxg7 36. Rc4 Rf4 37. Rxf4 Nxf4+ 0-1

[Event "DVM U20w 2012"]
[Site "Osnabrück GER"]
[Date "2012.12.27"]
[Round "1"]
[White "Nguyen Minh, Thuy"]
[Black "Bachem, Sabrina"]
[Result "1-0"]
[Termination "time forfeit"]
[Board "4.1"]
[WhiteElo "1962"]
[BlackElo "1408"]
[WhiteTeam "USG Chemnitz"]
[BlackTeam "TTC Grün-Weiß Fritzdorf"]
[WhiteFideId "24672688"]
[EventCountry "GER"]
[EventRounds "7"]
[EventType "team-swiss"]
[EventDate "2012.12.26"]

1. e4 c5 2. Nf3 Nc6 3. Nc3 d6 4. d4 cxd4 5. Nxd4 a6 6. Be2 Nf6 7. Be3 e6 8. f4
Qc7 9. O-O Be7 10. Kh1 b5 11. Bd3 Bb7 12. a3 Rc8 13. Rf3 Ng4 14. Bg1 h5 15.
Nde2 Na5 16. Rh3 Nc4 17. Rb1 Rd8 18. Ng3 g6 19. Qe2 d5 20. exd5 Bxd5 21. Nxd5
Rxd5 22. a4 Qxf4 23. axb5 axb5 24. Rf1 Qe5 25. Qf3 f5 26. b3 Nd2 27. Qf4 Nxf1
28. Qxf1 Ne3 29. Bxe3 Qxe3 30. Nxf5 Qe5 31. Re3 Qc7 32. Ng7+ Kd7 33. Nxe6 Qd6
34. Bxb5+ Kc8 35. Bd3 1-0

[Event "DVM U20w 2012"]
[Site "Osnabrück GER"]
[Date "2012.12.27"]
[Round "1"]
[White "Oltmanns, Bianca"]
[Black "Sturm, Johanna"]
[Result "1/2-1/2"]
[Termination "normal"]
[Board "4.3"]
[WhiteElo "1705"]
[BlackElo "1616"]
[WhiteTeam "USG Chemnitz"]
[BlackTeam "TTC Grün-Weiß Fritzdorf"]
[WhiteFideId "24698008"]
[BlackFideId "12909904"]
[EventCountry "GER"]
[EventRounds "7"]
[EventType "team-swiss"]
[EventDate "2012.12.26"]

1. e4 e5 2. Nf3 Nc6 3. Bb5 d6 4. d4 Bd7 5. O-O a6 6. Ba4 Nf6 7. Nc3 Be7 8. Re1
b5 9. Bb3 O-O 10. a3 Bg4 11. Be3 Bxf3 12. gxf3 exd4 13. Bxd4 Nxd4 14. Qxd4 Qd7
15. Qe3 Nh5 16. Kh1 Bh4 17. Rg1 Kh8 18. Rad1 Rae8 19. Nd5 f5 20. Rd2 Nf6 21.
Nc3 Qe7 22. Re1 fxe4 23. fxe4 Ng4 24. Qd3 Nxf2+ 25. Rxf2 Rxf2 26. Rg1 Ref8 27.
Qh3 Qf6 28. Nd5 Qf3+ 29. Qxf3 R8xf3 30. Nxc7 Bf6 31. Rg2 Bxb2 32. Rxf2 Rxf2 33.
Nxa6 Bxa3 34. Nc7 b4 35. Nb5 Bb2 36. Nxd6 g6 37. e5 Bxe5 38. Nf7+ Rxf7 39. Bxf7
Kg7 40. Bb3 Kf6 41. Kg2 g5 42. h3 h5 1/2-1/2

[Event "DVM U20w 2012"]
[Site "Osnabrück GER"]
[Date "2012.12.27"]
[Round "1"]
[White "Jentsch, Jasmin"]
[Black "Scheibe, Lydia"]
[Result "1-0"]
[Termination "normal"]
[Board "4.4"]
[WhiteElo "1324"]
[BlackElo "1105"]
[WhiteTeam "TTC Grün-Weiß Fritzdorf"]
[BlackTeam "USG Chemnitz"]
[WhiteFideId "12909920"]
[EventCountry "GER"]
[EventRounds "7"]
[EventType "team-swiss"]
[EventDate "2012.12.26"]

1. e4 e5 2. Nf3 Nc6 3. Bc4 Bc5 4. c3 Nf6 5. d4 exd4 6. cxd4 Bb6 7. d5 Ne7 8.
Qe2 d6 9. h3 Ng6 10. Nc3 c6 11. O-O O-O 12. b4 cxd5 13. Nxd5 Nxd5 14. Bxd5 Qc7
15. a4 a5 16. b5 Re8 17. Ng5 Bd4 18. Bxf7+ Kf8 19. Bxe8 Bxa1 20. Bxg6 hxg6 21.
Qa2 Bf6 22. Nh7+ Ke7 23. Nxf6 gxf6 24. Qg8 Qc2 25. Qxg6 Qxa4 26. Qg7+ Ke6 27.
Qg4+ Kf7 28. Qe2 Be6 29. Rd1 Qb4 30. Qd2 Qxe4 31. Qxd6 Rc8 32. Be3 Rg8 33. Qc7+
Kg6 34. Qxa5 Kh7 35. g4 f5 36. Qc7+ Rg7 37. Qg3 fxg4 38. Qh4+ Kg8 39. Rd8+ Kf7
40. Qh5+ 1-0

[Event "DVM U20w 2012"]
[Site "Osnabrück GER"]
[Date "2012.12.27"]
[Round "1"]
[White "Höschen, Franziska"]
[Black "Kühnel, Lena"]
[Result "0-1"]
[Termination "normal"]
[Board "5.1"]
[WhiteElo "1572"]
[BlackElo "1904"]
[WhiteTeam "Schachfreunde Paderborn 2000 e.V."]
[BlackTeam "Dortmunder Schachverein 1875"]
[BlackFideId "24640956"]
[EventCountry "GER"]
[EventRounds "7"]
[EventType "team-swiss"]
[EventDate "2012.12.26"]

1. e4 c5 2. Nc3 e6 3. g3 d5 4. exd5 exd5 5. Bg2 Nf6 6. Nf3 d4 7. Qe2+ Be7 8.
Ne4 O-O 9. Nxf6+ Bxf6 10. O-O Nc6 11. d3 Bg4 12. Bd2 Ne5 13. Rfe1 Re8 14. Qd1
Qc8 15. Kf1 Qf5 16. Bf4 Ng6 17. Rxe8+ Rxe8 18. Bd2 Qh5 19. h3 Bxh3 20. Bxh3
Qxh3+ 21. Kg1 h5 22. Qf1 Qf5 23. Qg2 h4 24. g4 Qd7 25. Qh3 Re2 26. Re1 Rxe1+
27. Bxe1 Nf4 28. Qh1 Qxg4+ 29. Kf1 h3 30. Bd2 Ng2 31. Ne1 Nxe1 32. Bxe1 Be5 33.
f3 Qf5 34. Bf2 h2 35. Qg2 Qf4 36. b3 Qc1+ 37. Be1 Bg3 0-1

[Event "DVM U20w 2012"]
[Site "Osnabrück GER"]
[Date "2012.12.27"]
[Round "1"]
[White "Hoffmann, Hanna Dorina"]
[Black "Bünte, Ellen"]
[Result "1-0"]
[Termination "normal"]
[Board "5.2"]
[WhiteElo "1603"]
[BlackElo "1397"]
[WhiteTeam "Dortmunder Schachverein 1875"]
[BlackTeam "Schachfreunde Paderborn 2000 e.V."]
[WhiteFideId "12909858"]
[BlackFideId "12964204"]
[EventCountry "GER"]
[EventRounds "7"]
[EventType "team-swiss"]
[EventDate "2012.12.26"]

1. e4 c6 2. Nf3 d5 3. exd5 cxd5 4. Be2 Bf5 5. d4 Nf6 6. Bf4 e6 7. Nbd2 Bd6 8.
Bg5 O-O 9. O-O Nbd7 10. c3 h6 11. Bh4 a6 12. Qb3 Qc7 13. c4 dxc4 14. Nxc4 b5
15. Nxd6 Qxd6 16. Bg3 Qd5 17. Qxd5 Nxd5 18. Rac1 Rac8 19. Nd2 N7f6 20. Nb3 Ne4
21. Nc5 Nxg3 22. hxg3 Rc6 23. b3 Rfc8 24. a4 bxa4 25. Bxa6 R8c7 26. bxa4 e5 27.
Bb5 Rb6 28. dxe5 Kf8 29. Na6 Rc2 30. Rxc2 Bxc2 31. Rc1 Bxa4 32. Rc8+ Ke7 33.
Re8# 1-0

[Event "DVM U20w 2012"]
[Site "Osnabrück GER"]
[Date "2012.12.27"]
[Round "1"]
[White "Schrödter, Lisa"]
[Black "Finke, Lara"]
[Result "0-1"]
[Termination "normal"]
[Board "5.3"]
[WhiteElo "1091"]
[BlackElo "1673"]
[WhiteTeam "Schachfreunde Paderborn 2000 e.V."]
[BlackTeam "Dortmunder Schachverein 1875"]
[BlackFideId "12909874"]
[EventCountry "GER"]
[EventRounds "7"]
[EventType "team-swiss"]
[EventDate "2012.12.26"]

1. e4 e5 2. Nf3 Nc6 3. Bc4 Be7 4. O-O Nf6 5. Nc3 O-O 6. d3 d6 7. h3 Be6 8. Nd5
Na5 9. Qe2 Nxc4 10. dxc4 h6 11. b3 c6 12. Nxe7+ Qxe7 13. Rd1 Rad8 14. Bb2 b6
15. a4 Bc8 16. b4 c5 17. bxc5 bxc5 18. Rd3 Nh5 19. Rb3 Nf4 20. Qe3 Qe6 21. Nd2
Qg6 22. Qg3 Ne2+ 23. Kf1 Nxg3+ 24. Rxg3 Qe6 25. Ba3 Ba6 26. Rc3 f5 27. f3 fxe4
28. Nxe4 Bxc4+ 29. Kg1 Bd5 30. Ng3 Qg6 31. Kh2 e4 32. Rf1 exf3 33. gxf3 Rd7 34.
Bc1 Rdf7 35. f4 Qf6 36. Rd3 Bc4 37. Ne4 Qe7 38. Nxd6 Qe2+ 39. Kg1 Bxd3 40. cxd3
Rd7 41. Ne4 Qxd3 42. Nf2 Qg3+ 43. Kh1 Rf6 44. Ne4 Qxh3+ 45. Kg1 Rg6+ 46. Kf2
Qg2+ 47. Ke1 Qxe4+ 48. Be3 Qxe3# 0-1

[Event "DVM U20w 2012"]
[Site "Osnabrück GER"]
[Date "2012.12.27"]
[Round "1"]
[White "Sonnhalter, Stella"]
[Black "Reck, Jessica"]
[Result "1-0"]
[Termination "normal"]
[Board "6.1"]
[WhiteElo "1839"]
[BlackElo "1288"]
[WhiteTeam "SC Reti Heusweiler"]
[BlackTeam "SG Blau-Weiß 1948 Leegebruch"]
[WhiteFideId "4624815"]
[BlackFideId "12917931"]
[EventCountry "GER"]
[EventRounds "7"]
[EventType "team-swiss"]
[EventDate "2012.12.26"]

1. e4 e6 2. d3 d5 3. Nd2 Ne7 4. Ngf3 Ng6 5. g3 Nd7 6. Bg2 c6 7. O-O Be7 8. Re1
h5 9. h4 Nde5 10. Nxe5 Nxe5 11. exd5 Ng4 12. dxc6 Qb6 13. Qf3 Rb8 14. Nc4 Qc7
15. Bf4 e5 16. Nxe5 O-O 17. Nxg4 Bd6 18. Bxd6 Qxd6 19. Ne5 b5 20. Qxh5 g6 21.
Qg5 Qd8 22. Qxd8 Rxd8 23. c7 1-0

[Event "DVM U20w 2012"]
[Site "Osnabrück GER"]
[Date "2012.12.27"]
[Round "1"]
[White "Reyher, Susan"]
[Black "Orhan, Eda"]
[Result "0-1"]
[Termination "normal"]
[Board "6.2"]
[WhiteElo "1332"]
[BlackElo "1741"]
[WhiteTeam "SG Blau-Weiß 1948 Leegebruch"]
[BlackTeam "SC Reti Heusweiler"]
[WhiteFideId "24686107"]
[BlackFideId "24659258"]
[EventCountry "GER"]
[EventRounds "7"]
[EventType "team-swiss"]
[EventDate "2012.12.26"]

1. e4 d5 2. exd5 Qxd5 3. Nc3 Qd6 4. d4 Nf6 5. Bc4 a6 6. Nf3 b5 7. Bb3 Bb7 8.
Be3 e6 9. O-O Be7 10. Qe2 c5 11. dxc5 Qc6 12. Rad1 Nbd7 13. Rfe1 O-O 14. Bd4
Bxc5 15. Bxc5 Nxc5 16. Rd4 Rad8 17. Rf4 Nxb3 18. axb3 Nd5 19. Nxd5 Qxd5 20. Rg4
Qf5 21. Rg3 Rd6 22. c3 Rfd8 23. Nd4 Qf6 24. Qe5 Qxe5 25. Rxe5 f6 26. Re1 e5 27.
Nf5 R6d7 28. h3 g6 29. Ne3 Rd2 30. Ng4 Kf7 31. Nh6+ Ke6 32. Ng4 Rxb2 33. b4
Rbd2 34. Nh2 R2d3 35. Ree3 Rd1+ 36. Nf1 Bd5 37. Rd3 Bc4 38. Rxd8 Rxd8 39. Ne3
Be2 40. Ng4 f5 41. Nxe5 f4 42. Nc6 Rd1+ 43. Kh2 fxg3+ 44. Kxg3 Kd5 45. Nd4 Bc4
46. Nf3 Rd3 47. Kg4 Rxc3 48. Ng5 Be2+ 49. f3 Rc4+ 50. Kg3 h6 51. Ne4 Bd3 52.
Nc5 Rxc5 53. bxc5 b4 54. c6 Kxc6 0-1

[Event "DVM U20w 2012"]
[Site "Osnabrück GER"]
[Date "2012.12.27"]
[Round "1"]
[White "Brühan, Caren"]
[Black "Sauer, Annika"]
[Result "1/2-1/2"]
[Termination "normal"]
[Board "6.3"]
[WhiteElo "1627"]
[BlackElo "1341"]
[WhiteTeam "SC Reti Heusweiler"]
[BlackTeam "SG Blau-Weiß 1948 Leegebruch"]
[WhiteFideId "24691976"]
[BlackFideId "12952052"]
[EventCountry "GER"]
[EventRounds "7"]
[EventType "team-swiss"]
[EventDate "2012.12.26"]

1. d4 d5 2. Nf3 Nf6 3. e3 Bf5 4. c4 e6 5. Nc3 c6 6. Be2 Nbd7 7. O-O Bd6 8. a3
O-O 9. b4 dxc4 10. Bxc4 b5 11. Be2 Qc7 12. g3 a5 13. bxa5 Qxa5 14. Bb2 Rfd8 15.
Qc1 Ne4 16. Nxe4 Bxe4 17. Ng5 Bd5 18. e4 Bc4 19. Bxc4 bxc4 20. Qxc4 Qxg5 21.
Qxc6 Be7 22. Qc3 Rdc8 23. Qd3 Nb6 24. e5 Nc4 25. Bc1 Qg4 26. f3 Qh5 27. a4 Qg6
28. Qxg6 hxg6 29. Rf2 Na5 30. Ba3 Bxa3 31. Rxa3 Rc4 32. Rd2 Nc6 33. d5 Nxe5 34.
dxe6 fxe6 35. f4 Nc6 36. Rd6 Kf7 37. Rd7+ Kf6 38. Rc7 Kf5 39. a5 Ra7 40. Rc8
Ke4 41. Kg2 Kd4 42. Kh3 Rxa5 43. Rxa5 Nxa5 44. Re8 Ke3 45. Rxe6+ Kf3 46. Rxg6
Rc8 47. Kh4 Rh8+ 48. Kg5 Rxh2 49. Rxg7 Kxg3 50. f5 Nc6 51. f6 Rf2 52. f7 Nd8
53. Kg6 1/2-1/2